[Event "Women's Speed Chess GP2"]
[Site "chess.com INT"]
[Date "2020.07.05"]
[Round "4.3"]
[White "Lagno, Kateryna"]
[Black "Khademalsharieh, Sarasadat"]
[Result "1-0"]
[WhiteTitle "GM"]
[BlackTitle "IM"]
[WhiteElo "2546"]
[BlackElo "2494"]
[WhiteFideId "14109336"]
[BlackFideId "12512214"]
[EventDate "2020.07.01"]
[EventType "k.o. blitz"]

1. e4 e5 2. Nf3 Nc6 3. Bb5 a6 4. Ba4 Nf6 5. O-O Bc5 6. c3 b5 7. Bb3 d6 8. a4 Rb8
9. d4 Bb6 10. h3 O-O 11. Be3 h6 12. Nbd2 Bb7 13. axb5 axb5 14. d5 Ne7 15. Bxb6
cxb6 16. Bc2 Ne8 17. Bd3 Nc7 18. c4 bxc4 19. Nxc4 Bc8 20. Qb3 f5 21. Ncxe5 dxe5
22. d6+ Be6 23. dxc7 Bxb3 24. cxd8=Q Rbxd8 25. Nxe5 fxe4 26. Bxe4 Rd2 27. Ra7
Nc8 28. Ra3 Be6 29. Ng6 Rfd8 30. Rc1 Nd6 31. Bf3 Nc4 32. Rac3 Nxb2 33. Rc6 Nd3
34. Rf1 Bf7 35. Rxb6 Bxg6 36. Rxg6 Ne5 37. Rg3 R2d3 38. Be4 Rxg3 39. fxg3 Rd4
40. Bf5 g6 41. Be6+ Kg7 42. Kh2 h5 43. Re1 Nc6 44. Bc8 Rd6 45. Bb7 Na5 46. Bf3
Nc4 47. g4 hxg4 48. Bxg4 Nd2 49. Rd1 Nc4 50. Rc1 Ne5 51. Be2 Rd2 52. Re1 Nc6 53.
Kg3 Nd4 54. Bf1 Nf5+ 55. Kf3 Ra2 56. g4 Ra3+ 57. Kf4 Nh6 58. g5 Nf7 59. h4 Ra4+
60. Kg3 Nd6 61. Bh3 Ne4+ 62. Kh2 Nc5 63. Re7+ Kf8 64. Rc7 Nd3 65. Rc3 Ne5 66.
Rc5 Nf7 67. Kg3 Nd6 68. Rd5 Ne4+ 69. Kf3 Nc3 70. Rd3 Nb5 71. Kg3 Na3 72. Rf3+
Kg7 73. Bg4 Ra7 74. Rd3 Nb5 75. Rd7+ Rxd7 76. Bxd7 Nc7 77. Bg4 Nd5 78. Kf3 Kf7
79. Ke4 Nc3+ 80. Ke5 Nb1 81. Kd4 Na3 82. Be2 Ke7 83. Bd3 Kf7 84. Kc3 1-0

[Event "Women's Speed Chess GP2"]
[Site "chess.com INT"]
[Date "2020.07.05"]
[Round "4.4"]
[White "Khademalsharieh, Sarasadat"]
[Black "Lagno, Kateryna"]
[Result "1/2-1/2"]
[WhiteTitle "IM"]
[BlackTitle "GM"]
[WhiteElo "2494"]
[BlackElo "2546"]
[WhiteFideId "12512214"]
[BlackFideId "14109336"]
[EventDate "2020.07.01"]
[EventType "k.o. blitz"]

1. d4 Nf6 2. c4 g6 3. g3 Bg7 4. Bg2 O-O 5. Nc3 Nc6 6. e3 e5 7. d5 Na5 8. b3 d6
9. Nge2 Nh5 10. e4 f5 11. f3 a6 12. Be3 Nf6 13. Qd2 Bd7 14. Nd1 b6 15. Nf2 Nb7
16. Rc1 a5 17. O-O Nc5 18. exf5 gxf5 19. f4 Qe8 20. Rce1 Qg6 21. fxe5 dxe5 22.
Bxc5 bxc5 23. Nc1 e4 24. Ne2 Nh5 25. Nh3 Rae8 26. Nhf4 Nxf4 27. Nxf4 Qd6 28.
Qxa5 Ra8 29. Qd2 Ra3 30. Re2 Rfa8 31. Bh3 Bd4+ 32. Kh1 Rxa2 33. Qxa2 Rxa2 34.
Rxa2 e3 35. Ng2 Qb6 36. Ra8+ Kg7 37. Rd8 Bb5 38. cxb5 Qxb5 39. Re1 Qxb3 40. Re8
Qc3 41. Bxf5 Qd2 42. h4 c4 43. Bg4 c3 44. Re2 c2 45. Rxd2 exd2 46. Re7+ Kf6 47.
Re6+ Kg7 48. Kh2 d1=Q 49. Bxd1 cxd1=Q 50. Nf4 Qd2+ 51. Kh3 Bc5 52. Rc6 Bd6 53.
Ne6+ Kf7 54. Nxc7 Qd3 55. Rxd6 Qf5+ 56. Kg2 Qc2+ 57. Kh3 Qxc7 58. Re6 Qd7 59.
Kh2 Qxd5 60. Re2 h5 61. Rf2+ Kg6 62. Rf4 Qd2+ 63. Kh3 Qd1 64. Kh2 Qe2+ 65. Kh3
Qe6+ 66. Kh2 Qe2+ 67. Kh3 Qd1 68. Kh2 Qd2+ 69. Kh3 Qc1 70. Kh2 Qa1 71. Kg2 Qa8+
72. Kh2 Qd5 73. Rf2 Qd4 74. Rf4 Qd2+ 1/2-1/2

[Event "Women's Speed Chess GP2"]
[Site "chess.com INT"]
[Date "2020.07.05"]
[Round "4.5"]
[White "Lagno, Kateryna"]
[Black "Khademalsharieh, Sarasadat"]
[Result "1-0"]
[WhiteTitle "GM"]
[BlackTitle "IM"]
[WhiteElo "2546"]
[BlackElo "2494"]
[WhiteFideId "14109336"]
[BlackFideId "12512214"]
[EventDate "2020.07.01"]
[EventType "k.o. blitz"]

1. e4 e5 2. Nf3 Nc6 3. Bb5 a6 4. Ba4 Nf6 5. O-O Bc5 6. c3 b5 7. Bb3 d6 8. d4 Bb6
9. h3 Bb7 10. Re1 O-O 11. Bg5 h6 12. Bh4 exd4 13. cxd4 g5 14. Bg3 Ne7 15. Nc3
Ng6 16. e5 dxe5 17. Nxe5 Ne7 18. Ne2 c5 19. dxc5 Qxd1 20. Rexd1 Bxc5 21. Rac1
Rac8 22. Nd7 Nxd7 23. Rxd7 Bc6 24. Rc7 Bb6 25. Rxe7 1-0

[Event "Women's Speed Chess GP2"]
[Site "chess.com INT"]
[Date "2020.07.05"]
[Round "4.6"]
[White "Khademalsharieh, Sarasadat"]
[Black "Lagno, Kateryna"]
[Result "0-1"]
[WhiteTitle "IM"]
[BlackTitle "GM"]
[WhiteElo "2494"]
[BlackElo "2546"]
[WhiteFideId "12512214"]
[BlackFideId "14109336"]
[EventDate "2020.07.01"]
[EventType "k.o. blitz"]

1. d4 Nf6 2. c4 g6 3. g3 Bg7 4. Bg2 O-O 5. Nc3 Nc6 6. e3 e5 7. d5 Na5 8. b3 d6
9. Nge2 Nh5 10. e4 f5 11. f3 a6 12. Be3 Bd7 13. O-O b5 14. Rc1 bxc4 15. b4 Nb7
16. Nb1 a5 17. a3 axb4 18. axb4 Nf6 19. exf5 gxf5 20. Nd2 Nxd5 21. Bf2 Ba4 22.
Qe1 Nxb4 23. Rxc4 Nd3 24. Qb1 Nbc5 25. Be3 Bd7 26. Nc1 Rb8 27. Qc2 Rb2 28. Qd1
Bb5 29. Nxd3 Nxd3 30. Rc3 e4 31. Rb3 Ba4 32. fxe4 Bxb3 33. Nxb3 fxe4 34. Rxf8+
Qxf8 35. Bxe4 Nf2 36. Qd5+ Kh8 37. Qh5 Nxe4 0-1

[Event "Women's Speed Chess GP2"]
[Site "chess.com INT"]
[Date "2020.07.05"]
[Round "4.7"]
[White "Lagno, Kateryna"]
[Black "Khademalsharieh, Sarasadat"]
[Result "1-0"]
[WhiteTitle "GM"]
[BlackTitle "IM"]
[WhiteElo "2546"]
[BlackElo "2494"]
[WhiteFideId "14109336"]
[BlackFideId "12512214"]
[EventDate "2020.07.01"]
[EventType "k.o. blitz"]

1. e4 e5 2. Nf3 Nc6 3. Bb5 a6 4. Ba4 Nf6 5. O-O Bc5 6. c3 b5 7. Bb3 d6 8. d4 Bb6
9. h3 Bb7 10. Re1 h6 11. Be3 O-O 12. d5 Ne7 13. Nbd2 c6 14. Bxb6 Qxb6 15. c4 Qa7
16. dxc6 Bxc6 17. cxb5 axb5 18. Rc1 Rad8 19. Qe2 Nd7 20. a3 Nc5 21. Qe3 Qb7 22.
Nxe5 dxe5 23. Rxc5 Ng6 24. Rec1 Rd6 25. Kh2 Rfd8 26. R1c2 Rd3 27. Qe1 R8d6 28.
Qc1 Nf4 29. Rxc6 Rxd2 30. Rc8+ Kh7 31. Rxd2 Rxd2 32. Qxd2 Qxc8 33. Bxf7 Qb7 34.
Bb3 Qb6 35. g3 Ng6 36. Kg2 Ne7 37. h4 Nc6 38. Qd5 Nd4 39. Qg8+ Kg6 40. Qf7+ Kh7
41. Bd5 Qd6 42. h5 1-0

[Event "Women's Speed Chess GP2"]
[Site "chess.com INT"]
[Date "2020.07.05"]
[Round "4.8"]
[White "Khademalsharieh, Sarasadat"]
[Black "Lagno, Kateryna"]
[Result "1-0"]
[WhiteTitle "IM"]
[BlackTitle "GM"]
[WhiteElo "2494"]
[BlackElo "2546"]
[WhiteFideId "12512214"]
[BlackFideId "14109336"]
[EventDate "2020.07.01"]
[EventType "k.o. blitz"]

1. d4 Nf6 2. c4 g6 3. Nf3 Bg7 4. g3 O-O 5. Bg2 d5 6. cxd5 Nxd5 7. O-O Nb6 8. Nc3
Nc6 9. e3 Re8 10. Re1 a5 11. Qe2 e5 12. dxe5 Nxe5 13. Nxe5 Bxe5 14. Rd1 Qe7 15.
Bd2 c6 16. f4 Bxc3 17. Bxc3 Bf5 18. Be5 f6 19. Bd6 Qe6 20. Qf2 Nd5 21. Bc5 Be4
22. Bxe4 Qxe4 23. Rd4 Qxe3 24. Qxe3 Nxe3 25. Rd7 Nd5 26. Rxb7 Re2 27. Rf1 Rc2
28. Ba3 Re8 29. Rf2 Rc1+ 30. Kg2 f5 31. b4 Rb1 32. Bb2 Nxb4 33. Rd2 Nd5 34. Rg7+
Kf8 35. Rxh7 Ree1 36. Be5 Red1 37. Re2 Re1 38. Rd2 Red1 39. Rxd1 Rxd1 40. Rh8+
Kf7 41. Rh7+ Ke6 42. Rh6 Ne7 43. Bg7 Rd2+ 44. Kh3 Rxa2 45. Bf8 Nd5 46. Bc5 Kf7
47. Rh7+ Kg8 48. Ra7 a4 49. Kh4 Rxh2+ 50. Kg5 Rg2 51. Kxg6 Rxg3+ 52. Kxf5 Rf3
53. Kg6 Nxf4+ 54. Kh6 Nd5 55. Ra8+ Kf7 56. Rf8+ Ke6 57. Rxf3 Nf6 58. Ra3 Ne4 59.
Bf8 c5 60. Rxa4 Kd5 61. Kh5 c4 62. Kg4 c3 63. Ba3 c2 64. Ra8 Nc3 65. Rc8 Kd4 66.
Kf3 Kd3 67. Bb2 Nb5 68. Rd8+ Kc4 69. Ke2 Kb3 70. Bc1 Nc3+ 71. Kd2 Ne4+ 72. Kd3
Nc5+ 73. Ke2 Ne4 74. Rb8+ Kc3 75. Bb2+ Kc4 76. Ke3 Nd6 77. Kd2 Nb5 78. Kxc2 1-0

[Event "Women's Speed Chess GP2"]
[Site "chess.com INT"]
[Date "2020.07.05"]
[Round "4.9"]
[White "Lagno, Kateryna"]
[Black "Khademalsharieh, Sarasadat"]
[Result "1-0"]
[WhiteTitle "GM"]
[BlackTitle "IM"]
[WhiteElo "2546"]
[BlackElo "2494"]
[WhiteFideId "14109336"]
[BlackFideId "12512214"]
[EventDate "2020.07.01"]
[EventType "k.o. blitz"]

1. e4 e5 2. Nf3 Nc6 3. Bb5 a6 4. Ba4 Nf6 5. O-O Bc5 6. c3 b5 7. Bb3 d6 8. d4 Bb6
9. h3 O-O 10. Re1 h6 11. Be3 Bb7 12. d5 Ne7 13. Bxb6 cxb6 14. Nbd2 Nd7 15. Bc2
Nc5 16. b4 Nd7 17. c4 bxc4 18. Nxc4 Nb8 19. Nfd2 b5 20. Na5 Bc8 21. a4 Nd7 22.
axb5 axb5 23. Bd3 Rb8 24. Qe2 Ng6 25. Nc6 Nf4 26. Qf1 Qg5 27. Nxb8 Nxh3+ 28. Kh2
Qxd2 29. Nxd7 Nxf2 30. Re2 Ng4+ 31. Kg3 Qg5 32. Qf5 Qxf5 33. exf5 Bxd7 34. Kxg4 1-0

[Event "Women's Speed Chess GP2"]
[Site "chess.com INT"]
[Date "2020.07.05"]
[Round "4.10"]
[White "Khademalsharieh, Sarasadat"]
[Black "Lagno, Kateryna"]
[Result "0-1"]
[WhiteTitle "IM"]
[BlackTitle "GM"]
[WhiteElo "2494"]
[BlackElo "2546"]
[WhiteFideId "12512214"]
[BlackFideId "14109336"]
[EventDate "2020.07.01"]
[EventType "k.o. blitz"]

1. d4 Nf6 2. c4 g6 3. g3 Bg7 4. Bg2 O-O 5. Nc3 Nc6 6. Nf3 d5 7. cxd5 Nxd5 8. O-O
Nb6 9. d5 Na5 10. e4 c6 11. Be3 Nac4 12. Bd4 Nxb2 13. Qe2 N2c4 14. Bxg7 Kxg7 15.
dxc6 bxc6 16. Rfd1 Qc7 17. Nd4 a5 18. Rac1 Ba6 19. Qe1 e5 20. Nb3 Qe7 21. Bf1
Rfd8 22. Rxd8 Rxd8 23. Nxa5 Nd2 24. Bg2 Qc5 25. Nb3 Nxb3 26. axb3 Qb4 27. Na4
Qxe1+ 28. Rxe1 Nxa4 29. bxa4 Rd4 30. Ra1 c5 31. a5 c4 32. f3 c3 33. Kf2 c2 34.
Rc1 Rd2+ 0-1

[Event "Women's Speed Chess GP2"]
[Site "chess.com INT"]
[Date "2020.07.05"]
[Round "4.11"]
[White "Lagno, Kateryna"]
[Black "Khademalsharieh, Sarasadat"]
[Result "0-1"]
[WhiteTitle "GM"]
[BlackTitle "IM"]
[WhiteElo "2546"]
[BlackElo "2494"]
[WhiteFideId "14109336"]
[BlackFideId "12512214"]
[EventDate "2020.07.01"]
[EventType "k.o. blitz"]

1. e4 e5 2. Nf3 Nc6 3. Bb5 a6 4. Ba4 Nf6 5. O-O Bc5 6. c3 b5 7. Bb3 d6 8. d4 Bb6
9. h3 Bb7 10. Re1 h6 11. Be3 O-O 12. d5 Ne7 13. Bxb6 cxb6 14. Nbd2 Bc8 15. Bc2
Ng6 16. Nf1 Nf4 17. Ne3 Nh7 18. a4 bxa4 19. Rxa4 Ng5 20. Kh2 Qf6 21. Nxg5 hxg5
22. Qf3 Qd8 23. Qg3 g6 24. Bd1 Kg7 25. Bg4 f5 26. Bd1 Rh8 27. Bc2 Nxh3 28. exf5
gxf5 29. Bxf5 Nf4+ 30. Kg1 Qf6 31. Bxc8 Raxc8 32. Ng4 Qg6 33. Rxf4 gxf4 34. Qf3
Rh4 35. Nxe5 dxe5 36. Rxe5 Rch8 37. Kf1 Rh1+ 0-1

[Event "Women's Speed Chess GP2"]
[Site "chess.com INT"]
[Date "2020.07.05"]
[Round "4.12"]
[White "Khademalsharieh, Sarasadat"]
[Black "Lagno, Kateryna"]
[Result "0-1"]
[WhiteTitle "IM"]
[BlackTitle "GM"]
[WhiteElo "2494"]
[BlackElo "2546"]
[WhiteFideId "12512214"]
[BlackFideId "14109336"]
[EventDate "2020.07.01"]
[EventType "k.o. blitz"]

1. c4 g6 2. Nf3 Bg7 3. d4 Nf6 4. Nc3 d5 5. cxd5 Nxd5 6. e4 Nxc3 7. bxc3 c5 8.
Be3 O-O 9. h3 Qa5 10. Bd2 Rd8 11. Be2 cxd4 12. cxd4 Qa3 13. O-O Nc6 14. d5 Nd4
15. Nxd4 Bxd4 16. Rc1 Bxh3 17. Bh6 e5 18. Bg5 Qg3 19. Qxd4 Qxg5 0-1